Inovatívny web ako marketingový nástroj

Propagácia výrobkov. Inovácie a inovatívny marketing. Inovatívny web. Kvalitný CMS systém (Content management system).

Gespeichert in:
Bibliographische Detailangaben
1. Verfasser: Jóri, Vladimír, 1972-
Format: Buchkapitel
Sprache:Slowakisch
Schlagworte:
Tags: Tag hinzufügen
Keine Tags, Fügen Sie das erste Tag hinzu!

MARC

LEADER 00000nla a2200000 4500
001 0162821
005 20251028135246.1
041 0 |a slo 
044 |a SK 
245 1 0 |a Inovatívny web ako marketingový nástroj  |c Vladimír Jóri 
520 |a Propagácia výrobkov. Inovácie a inovatívny marketing. Inovatívny web. Kvalitný CMS systém (Content management system). 
610 2 0 |a marketing 
610 2 0 |a marketing inovatívny 
610 2 0 |a reklama 
610 2 0 |a propagácia 
610 2 0 |a internet 
610 2 0 |a stránky webové 
610 2 0 |a inovácia 
100 1 |a Jóri, Vladimír, 1972-